Các tác vụ quản lý trong Windows Server 2003

Quyển "Các tác vụ quản lý trong Windows Server 2003" giúp bạn đọc biết được các tính năng ưu việt của hệ điều hành này

Đã lưu trong:
書目詳細資料
主要作者: Minh Mẫn
格式: 圖書
語言:Undetermined
出版: Hà Nội Thống kê 2003
主題:
標簽: 添加標簽
沒有標簽, 成為第一個標記此記錄!
Thư viện lưu trữ: Trung tâm Học liệu Trường Đại học Cần Thơ
LEADER 00814nam a2200217Ia 4500
001 CTU_60529
008 210402s9999 xx 000 0 und d
020 |c 30000 
082 |a 005.43769 
082 |b M312 
100 |a Minh Mẫn 
245 0 |a Các tác vụ quản lý trong Windows Server 2003 
245 0 |c Minh Mẫn 
260 |a Hà Nội 
260 |b Thống kê 
260 |c 2003 
520 |a Quyển "Các tác vụ quản lý trong Windows Server 2003" giúp bạn đọc biết được các tính năng ưu việt của hệ điều hành này 
650 |a Windows ( computer programs ),Computer networks,Computer networks 
650 |x Management,Computer programs 
904 |i Trọng Hải 
980 |a Trung tâm Học liệu Trường Đại học Cần Thơ